Report of the Alaska Agricultural Experiment Stations, 1931, 1932.

Bibliographic Details
Corporate Author: Alaska Agricultural Experiment Stations (U.S.)
Format: Government Document eBook
Language:English
Published: [Washington] : [s.n.], 1933.
Subjects:
Online Access:Electronic resource (PDF)

MARC

Tag First Indicator Second Indicator Subfields
LEADER 00000cam a22000001i 4500
001 in00003946421
006 m d f
007 cr bn mmmapmmp
008 331010s1933 dcu o f000 0 eng d
005 20250211000446.2
035 |a ebd1933011149 
040 |a UMI  |c UMI  |e rda  |d UtOrBLW 
086 0 |a "A 10.10/1:931,932" 
099 |a A10.10_1..931 
110 2 |a Alaska Agricultural Experiment Stations (U.S.)  |0 http://id.loc.gov/authorities/names/n80063402 
245 1 0 |a Report of the Alaska Agricultural Experiment Stations, 1931, 1932. 
264 1 |a [Washington] :  |b [s.n.],  |c 1933. 
300 |a 1 online resource (28 pages), digital, PDF file 
336 |a text  |b txt  |2 rdacontent 
337 |a computer  |b c  |2 rdamedia 
338 |a online resource  |b cr  |2 rdacarrier 
533 |a Electronic reproduction.  |b [Bethesda, Md.] :  |c ProQuest,  |d 2016  |e digital, PDF file.  |n ProQuest U.S. Executive Branch Documents  |n Mode of access: World Wide Web via ProQuest website. 
588 |a Record is based on online resource; title from PDF title page (ProQuest, last viewed July 2016). Reuse except for individual research requires license from ProQuest, LLC. 
610 2 0 |a Alaska Agricultural College and School of Mines.  |b Agricultural Experiment Station.  |b College Station.  |0 http://id.loc.gov/authorities/names/n85000125 
650 0 |a Agricultural experiment stations.  |0 http://id.loc.gov/authorities/subjects/sh85002319 
856 4 0 |u http://proxy.library.tamu.edu/login?url=http://congressional.proquest.com/congressional/docview/t66.d71.a10.10_1..931?  |y Electronic resource (PDF)  |t 0 
999 f f |s feb72929-23da-38db-8b99-9c574c3de4fd  |i 68326800-f02e-3364-b1ea-ebed77e21d0f  |t 0 
952 f f |a Texas A&M University  |b College Station  |c Electronic Resources  |d Available Online  |t 0  |h No information provided 
998 f f |t 0  |l Available Online